| 000 | 00761nam a22002057a 4500 | ||
|---|---|---|---|
| 999 |
_c17137 _d17137 |
||
| 003 | AR-CdUCM | ||
| 008 | 190507b ||||| |||| 00| 0 spa d | ||
| 040 |
_aMUNICIPALIDAD PROVINCIAL DEL CUSCO _cBIBLIOTECA MUNICIPAL DEL CUSCO |
||
| 082 |
_a333.985 / _bES88 |
||
| 100 |
_aEspinoza R., Gustavo _936995 |
||
| 245 | _aEl problema de la tierra / | ||
| 260 |
_aLima : _bBiblioteca Amauta, _c1970. |
||
| 300 |
_a371 paginas ; _c24 cm. |
||
| 505 | _aContenido: El problema de la tierra -- Vision general la tierra y el hombre -- Formaciones a la escala del mundo -- Naturaleza y sociedad en America -- Matriarcado CosteƱo... | ||
| 650 |
_aTierra _9337 |
||
| 650 |
_aLiteratura _983 |
||
| 650 |
_aHistoria _9136 |
||
| 942 |
_2ddc _cLIBROS |
||
| 945 |
_apjha _d2019-05-07 |
||